| 000 | 00359nam a2200133 a 4500 | ||
|---|---|---|---|
| 005 | 20141022142008.0 | ||
| 008 | 120228s19uu xx 00 eng d | ||
| 050 |
_aDVD _bF49 2008 |
||
| 100 | _aFinch, Byron | ||
| 245 |
_aOperations now : _bsupply chain profitability and performance / _cByron Finch J. |
||
| 250 | _a3rd ed. | ||
| 260 | _c2008. | ||
| 942 | _cAVM | ||
| 999 |
_c276635 _d276635 |
||